| 000 | 01230cam a2200337 a 4500 | ||
|---|---|---|---|
| 005 | 20260322212037.0 | ||
| 008 | data | ||
| 010 | _a 2009293628 | ||
| 015 |
_aGBA763744 _2bnb |
||
| 015 |
_aGBA740128 _2bnb |
||
| 016 | 7 |
_a013817763 _2Uk |
|
| 016 | 7 |
_a013752584 _2Uk |
|
| 020 | _a9780393330472 (pbk.) | ||
| 020 | _a0393330478 (pbk.) | ||
| 020 | _a9780393061239 (hbk.) | ||
| 020 | _a039306123X (hbk.) | ||
| 040 |
_aUKM _cUKM _dDLC _dBTCTA _dBAKER _dIEF _dNDD _dJBO _dDLC |
||
| 042 | _apcc | ||
| 043 |
_an-us-ms _an-us-ms |
||
| 050 | 0 | 0 |
_aGV939.O44 _bL49 2007 |
| 100 | 1 |
_aLewis, Michael _q(Michael M.) |
|
| 245 | 1 | 4 |
_aThe blind side : _bevolution of a game / _cMichael Lewis. |
| 260 |
_aLondon : _aLondon : _bW. W. Norton, _c2007. |
||
| 300 |
_a339 p. : _bill. ; _c21 cm. |
||
| 505 | 0 | _aBack story -- The market for football players -- Crossing the line -- The blank slate -- Death of a lineman -- Inventing Michael -- The pasta coach -- Character courses -- Birth of a star -- The egg bowl -- Freak of nurture -- And Moses stuttered. | |
| 600 | 1 | 0 | _aOher, Michael. |
| 610 | 2 | 0 |
_aUniversity of Mississippi _xFootball. |
| 650 | 0 |
_aFootball players _zUnited States _vBiography. |
|
| 650 | 0 |
_aCollege sports _zUnited States. |
|
| 001 | data | ||
| 999 |
_c878 _d878 |
||